| 000 | 00473nam a2200181Ia 4500 | ||
|---|---|---|---|
| 005 | 20240823020759.0 | ||
| 008 | 240823s9999||||xx |||||||||||||| ||und|| | ||
| 020 | _a0-471-04548-9 | ||
| 041 | _aENGLISH | ||
| 082 | _A681.2 M4 | ||
| 100 | _a"Dally,James W et al." | ||
| 245 | 0 | _aInstrumentation for Engineering Measurements | |
| 250 | _a1st | ||
| 260 |
_c1984 _bJohn |
||
| 500 | _aTRANSFERED | ||
| 650 |
_aInstrumentation Measurement _bInstrumentation |
||
| 942 | _cBK | ||
| 999 |
_c175541 _d175541 |
||